Tretie vydanie publikácie o hypertenzii

Bibliographic Details
Format: Article
Language:Slovak
ISSN:1335-4477
Subjects:

MARC

LEADER 00000nab a2200000 a 4500
001 vtls009004151
003 SK-MaSNL
005 20260303065624.0
008 140303c2007 xo wrzp 0 0slo
015 |a SNBRB2007/06  |2 snkbucl 
040 |a SNKBUCL  |b slo  |c SNKBUCL  |e AACR2 
041 0 |a slo 
044 |a xo  |c SK 
080 |a 616.12-008.331.1  |x (048)  |2 1997 
245 0 0 |a Tretie vydanie publikácie o hypertenzii  |c [autor] (jps) 
650 0 7 |a arteriálna hypertenzia  |2 snkbucl  |9 29016 
650 0 7 |a recenzia  |2 snkbucl  |9 1061265 
773 0 |t Zdravotnícke noviny  |g Roč. XII, č. 23 (2007), s. 3  |x 1335-4477 
787 0 8 |i Rec.:  |a Jonáš, Peter  |t Artériová hypertenzia v tabuľkách a grafoch : návody pre prax  |d [Košice] : CompuGraph, 2007 
852 |a SNK  |b KIS3GCP 
958 |a MI 
958 |a SK 
958 |a RC 
999 |c 1751962  |d 1753892